1799 1417 1288 1788 1023 1345 1110 1000 1108 1446 1700 1723 1139 1060 1495 1309 1596 1805 1021 1956 1114 1992 1838 1624 1176 1509 1096 1305 1667 1122 1408 1455 1157 1888 1852 1224 1143 1191 1206 1928 1887 1259 1669 1219 1929 1497 1773 1341 1212 1108 1072 1031 1547 1197 1038 1136 1561 1908 1959 1565 1468 1224 1013 1169 1795 1290 1610 1082 1544 1911 1403 1507 1442 1193 1541 1288 1820 1248 1077 1059 1696 1738 1671 1462 1099 1798 1419 1466 1720 1262 1418 1269 1062 1070 1936 1012 1479 1938 1571 BCNSPRNW ULIB Ver.6.0+V

เปลี่ยนเป็นภาษาไทย

Change to English
 แสดงรายละเอียดบรรณานุกรม
  กลับหน้าหลัก

Brief Record : Get Marc (ISO 2709) : E-mail record : QR code < ปิดหน้าต่าง
LEADER : 00000nam 2200000uu 4500
001    13399126894
003     ULIB
008    190829s||||||||th 000 0 tha d
020    ^a9786161610562
060  0 ^aWA670^bส747อ
100 0  ^aมหาวิทยาลัยสุโขทัยธรรมาธิราช
245 00 ^aเอกสารการสอนชุดวิชาอนามัยสิ่งแวดล้อม 52203 หน่วยที่ 1-7 = Environmental health / สาขาวิชาวิทยาศาสตร์สุขภาพ มหาวิทยาลัยสุโขทัยธรรมาธิราช
250    ^aพิมพ์ครั้งที่ 2
260    ^aนนทบุรี^b2559
300    ^a2 เล่ม : ภาพประกอบ ; 30 ซม.
650  0 ^aอนามัยสิ่งแวดล้อม
650  ^ aมลพิษ -- การจัดการ
650    ^aอนามัยสิ่งแวดล้อม
650  ^ aEnvironmental health
710 1  ^
856    ^aนนทบุรี : ศูนย์หนังสือมหาวิทยาลัยสุโขทัยธรรมาธิราช, 2559
945    ^p0^l0^i27532
945    ^p0^l0^i27531
999    ^aกัณชพร จุลอักษร
รายการนี้ยังไม่มีแท็ก
คุณยังไม่ได้ล็อกอิน คุณสามารถมีกิจกรรมร่วมกับเว็บไซต์ได้ แต่ต้องล็อกอินก่อน ::
  ล็อกอิน

รายการสื่อสารสนเทศ

ลำดับที่ ประเภท เลขเรียก/บาร์โค้ด สถานที่ สถานะ
1. วิทยาศาสตร์การแพทย์ และสุขภาพ
วิทยาศาสตร์การแพทย์ และสุขภาพ
สถานะ=หนังสือเก่า
WA670 ส747อ ฉ.1 
  Barcode: 27531
ห้องสมุดวิทยาเขตนครสวรรค์
►ส่วนจัดเก็บหนังสือเก่า นว.
บนชั้น
  ขอยืม
2. วิทยาศาสตร์การแพทย์ และสุขภาพ
วิทยาศาสตร์การแพทย์ และสุขภาพ
สถานะ=หนังสือเก่า
WA670 ส747อ ฉ.2 
  Barcode: 27532
ห้องสมุดวิทยาเขตนครสวรรค์
►ส่วนจัดเก็บหนังสือเก่า นว.
บนชั้น
  ขอยืม

รายการใกล้เคียง
    ชื่อเรื่อง [เอกสารการสอนชุดวิชาอนามัยสิ่งแวดล้อม 52203 หน่วยที่ 1-7 = Environmental health / สาขาวิชาวิทยาศาสตร์สุขภาพ มหาวิทยาลัยสุโขทัยธรรมาธิราช]

    ผู้แต่ง [มหาวิทยาลัยสุโขทัยธรรมาธิราช]

    หัวเรื่อง [อนามัยสิ่งแวดล้อม]
    หัวเรื่อง [aมลพิษ -- การจัดการ]
    หัวเรื่อง [อนามัยสิ่งแวดล้อม]
    หัวเรื่อง [aEnvironmental health]

BibComment


ยังไม่เคยถูกคอมเมนท์

คอมเมนท์ทรัพยากรรายการนี้
  คอมเมนท์: เอกสารการสอนชุดว..


 Copyright 2026. Bcnsprnw @Library